| 000 | 00688nam a22002297a 4500 | ||
|---|---|---|---|
| 003 | DO-SdBNP | ||
| 005 | 20171205132026.0 | ||
| 008 | 171108b 1980||| |||| 00| 0 spa d | ||
| 020 | _a847080071X | ||
| 040 |
_aBPMSU _bspa _cBPMSU |
||
| 082 |
_axxxxxx _bxxxxxx |
||
| 100 | 1 | _aStevenson, Robert Louis | |
| 245 | 1 | 3 |
_aLa isla del tesoro II / _cRobert Louis Stevenson ; traducción Carlos Meyfrén |
| 260 |
_aBarcelona : _bLa Gaya Ciencia , _c1980. |
||
| 300 |
_a210 p. : _bil. ; _c18 cm. |
||
| 490 | 1 |
_aMoby Dick _v112 |
|
| 700 | 1 |
_aMeyfrén, Carlos, _etr. |
|
| 830 | 0 |
_aMoby Dick _n112 |
|
| 942 |
_2ddc _cBK |
||
| 945 | _ainventariado extranjero / DG | ||
| 956 |
_aBTAVAREZ _b10 _c20171108 _d0038 |
||
| 999 |
_c12781 _d12781 |
||